| 000 | 00865nam a2200205 a 4500 | ||
|---|---|---|---|
| 001 | 000300272 | ||
| 003 | AM-YeHGA | ||
| 005 | 20250617130104.0 | ||
| 008 | 040116s1988 ||| r 000 0 rus d | ||
| 020 | _a5730001096 | ||
| 040 | _aAM-YeHGA | ||
| 041 | 0 | _arus | |
| 245 | 0 | 0 |
_aГосударственный музей изобразительных искусств имени А.С. Пушкина : _bЖивопись : [Альбом] / _cАвт.-сост. И.А. Антонова. |
| 260 |
_aЛенинград : _bАврора, _c1988. |
||
| 300 |
_a184 стр. : _bилл. ; _c18 см. |
||
| 650 | 1 | 4 |
_aЖивопись _zРоссия |
| 653 | 0 | _aЗападноевропейская живопись - Музейные собрания - Москва | |
| 700 | 1 |
_aАнтонова, Ирина Александровна _eсост. _4com |
|
| 090 | _c111877 | ||
| 999 |
_c110542 _d110542 |
||